Katatonia Songs - Statistics

General Stats
  • This quiz has been taken 9 times
  • The average score is 46 of 138
Answer Stats
Album Song % Correct
Brave Murder Day (1996) Day
100%
Sky Void of Stars (2023) Atrium
80%
Brave Murder Day (1996) Brave
80%
The Great Cold Distance (2005) July
80%
Brave Murder Day (1996) Murder
80%
The Great Cold Distance (2005) My Twin
80%
Brave Murder Day (1996) 12
60%
Sky Void of Stars (2023) Author
60%
City Burials (2020) Behind the Blood
60%
Sky Void of Stars (2023) Birds
60%
Sky Void of Stars (2023) Colossal Shade
60%
The Fall of Hearts (2016) Decima
60%
The Great Cold Distance (2005) Deliberation
60%
Dance of December Souls (1993) Elohim Meth
60%
For Funerals to Come... (1995) For Funerals to Come...
60%
Night Is the New Day (2009) Forsaker
60%
Night Is the New Day (2009) Idle Blood
60%
Dead End Kings (2012) Lethean
60%
The Fall of Hearts (2016) Old Heart Falls
60%
Sky Void of Stars (2023) Opaline
60%
The Fall of Hearts (2016) Shifts
60%
The Great Cold Distance (2005) Soil's Song
60%
Last Fair Deal Gone Down (2001) Teargas
60%
Dance of December Souls (1993) Tomb of Insomnia
60%
Dance of December Souls (1993) Velvet Thorns (of Drynwhyl)
60%
Sky Void of Stars (2023) Absconder
40%
Sounds of Decay (1997) At Last
40%
Sky Void of Stars (2023) Austerity
40%
Last Fair Deal Gone Down (2001) Chrome
40%
City Burials (2020) City Glaciers
40%
The Great Cold Distance (2005) Consternation
40%
Viva Emptiness (2003) Criminals
40%
Dance of December Souls (1993) Dancing December
40%
Dead End Kings (2012) Dead Letters
40%
Last Fair Deal Gone Down (2001) Dispossession
40%
Last Fair Deal Gone Down (2001) Don't Tell a Soul
40%
Sky Void of Stars (2023) Drab Moon
40%
Brave Murder Day (1996) Endtime
40%
For Funerals to Come... (1995) Funeral Wedding
40%
Dance of December Souls (1993) Gateways of Bereavement
40%
Viva Emptiness (2003) Ghost of the Sun
40%
Tonight's Decision (1999) I Am Nothing
40%
Sky Void of Stars (2023) Impermanence
40%
Night Is the New Day (2009) Inheritance
40%
Dance of December Souls (1993) In Silence Enshrined
40%
City Burials (2020) Lacquer
40%
The Great Cold Distance (2005) Leaders
40%
Sky Void of Stars (2023) No Beacon to Illuminate Our Fall
40%
Sounds of Decay (1997) Nowhere
40%
Viva Emptiness (2003) Omerta
40%
Last Fair Deal Gone Down (2001) Passing Bird
40%
Brave Murder Day (1996) Rainroom
40%
Discouraged Ones (1998) Saw You Drown
40%
Saw You Drown (1998) Scarlet Heavens
40%
Sky Void of Stars (2023) Sclera
40%
Dance of December Souls (1993) Seven Dreaming Souls
40%
Night Is the New Day (2009) The Promise of Deceit
40%
Dead End Kings (2012) The Racing Heart
40%
City Burials (2020) The Winter of Our Passing
40%
Last Fair Deal Gone Down (2001) Tonight's Music
40%
Last Fair Deal Gone Down (2001) We Must Bury You
40%
Dance of December Souls (1993) Without God
40%
Tonight's Decision (1999) A Darkness Coming
20%
Dead End Kings (2012) Ambitions
20%
Viva Emptiness (2003) A Premonition
20%
Tonight's Decision (1999) Black Session
20%
Dead End Kings (2012) Buildings
20%
Viva Emptiness (2003) Burn the Remembrance
20%
Last Fair Deal Gone Down (2001) Clean Today
20%
Discouraged Ones (1998) Cold Ways
20%
Viva Emptiness (2003) Complicity
20%
Night Is the New Day (2009) Day and Then the Shade
20%
Discouraged Ones (1998) Deadhouse
20%
Night Is the New Day (2009) Departer
20%
Discouraged Ones (1998) Distrust
20%
For Funerals to Come... (1995) Epistel
20%
Viva Emptiness (2003) Evidence
20%
City Burials (2020) Fighters
20%
Dead End Kings (2012) First Prayer
20%
City Burials (2020) Flicker
20%
The Great Cold Distance (2005) Follower
20%
Discouraged Ones (1998) Gone
20%
Tonight's Decision (1999) Had To (Leave)
20%
City Burials (2020) Heart Set to Divide
20%
Dead End Kings (2012) Hypnone
20%
Discouraged Ones (1998) I Break
20%
The Great Cold Distance (2005) Increase
20%
Tonight's Decision (1999) In Death, a Song
20%
Viva Emptiness (2003) Inside the City of Glass
20%
Sounds of Decay (1997) Inside the Fall
20%
Discouraged Ones (1998) Instrumental
20%
The Great Cold Distance (2005) In the White
20%
Last Fair Deal Gone Down (2001) I Transpire
20%
The Great Cold Distance (2005) Journey Through Pressure
20%
City Burials (2020) Lachesis
20%
Discouraged Ones (1998) Last Resort
20%
The Fall of Hearts (2016) Last Song Before the Fade
20%
Dead End Kings (2012) Leech
20%
Night Is the New Day (2009) Liberation
20%
City Burials (2020) Neon Epitaph
20%
Night Is the New Day (2009) Nephilim
20%
Discouraged Ones (1998) Nerve
20%
Night Is the New Day (2009) New Night
20%
Tonight's Decision (1999) Nightmares By the Sea
20%
Tonight's Decision (1999) No Good Can Come of This
20%
Viva Emptiness (2003) One Year From Now
20%
Night Is the New Day (2009) Onward Into Battle
20%
The Fall of Hearts (2016) Pale Flag
20%
The Fall of Hearts (2016) Passer
20%
Saw You Drown (1998) Quiet World
20%
City Burials (2020) Rein
20%
Discouraged Ones (1998) Relention
20%
The Fall of Hearts (2016) Residual
20%
Tonight's Decision (1999) Right Into the Bliss
20%
The Great Cold Distance (2005) Rusted
20%
The Fall of Hearts (2016) Sanction
20%
The Fall of Hearts (2016) Serac
20%
The Fall of Hearts (2016) Serein
20%
For Funerals to Come... (1995) Shades of Emerald Fields
20%
Viva Emptiness (2003) Sleeper
20%
Discouraged Ones (1998) Stalemate
20%
Tonight's Decision (1999) Strained
20%
Last Fair Deal Gone Down (2001) Sweet Nurse
20%
The Fall of Hearts (2016) Takeover
20%
Last Fair Deal Gone Down (2001) The Future of Speech
20%
The Great Cold Distance (2005) The Itch
20%
Night Is the New Day (2009) The Longest Year
20%
The Fall of Hearts (2016) The Night Subscriber
20%
Dead End Kings (2012) The One You Are Looking For Is Not Here
20%
Dead End Kings (2012) The Parting
20%
Tonight's Decision (1999) This Punishment
20%
Dead End Kings (2012) Undo You
20%
City Burials (2020) Untrodden
20%
City Burials (2020) Vanishers
20%
Viva Emptiness (2003) Walking By a Wire
20%
Viva Emptiness (2003) Wealth
20%
Viva Emptiness (2003) Will I Arrive
20%
Tonight's Decision (1999) For My Dreams
0%
No matching quizzes found
Score Distribution
Percent of People with Each Score
Percentile by Number Answered
Your Score History
You have not taken this quiz